Culture cinématographique - Série 16 - "Le viager" - Statistiques

Statistiques générales
  • Ce quiz a été pris 69 fois
  • Le résultat moyen est 7 sur 15
Statistiques - réponses
Question Réponse % Correct
Qui joue Louis Martinet - le viager ? Michel Serrault
92%
Qui joue Léon Galipeau - médecin du viager ? Michel Galabru
85%
Qui a réalisé le film "Le viager" en 1972 ? Pierre Tchernia
83%
Qui joue Noël Galipeau à 39 ans ? Claude Brasseur
65%
Où se trouve la maison du viager ? Saint-Tropez
55%
Qui joue Victor - complice de Jo ? Gérard Depardieu
54%
Qui joue Elvire Galipeau - épouse d'Emile et mère de Noël ? Rosy Varte
43%
Qui joue Le capitaine de corvette Bucigny-Dumaine ? Yves Robert
34%
Qui joue Emile Galipeau - frère de Léon ? Jean-Pierre Darras
32%
Qui joue Maitre Vierzon - avocat de Noël ? Jean Carmet
31%
Qui joue Jo - petit voyou ? Jean Richard
31%
Qui joue Le grand-père - le père d'Elvire ? Noel Roquevert
31%
Qui a également collaboré au scénario ? René Goscinny
31%
Qui joue Marguerite Galipeau - épouse de Léon ? Odette Laure
18%
Qui a composé la musique du film ? Gérard Calvi
14%
Aucun quiz correspondant
Distribution des résultats
% des personnes avec chaque résultat
Percentile par nombre de réponses
Votre historique - résultats
Vous n’avez pas pris ce quiz